000
00338nam a2200145Ia 4500
003
OSt
005
20240311112540.0
008
170524s9999 xx 000 0 und d
020
_a
0070402671
040
_c
IIMTU
100
_a
DAVIS- GB
245
0
_a
MANAGEMENT INFORMATION SYSTEMS
260
_b
VRINDA PUBLICATION DELHI
942
_2
ddc
_c
02
999
_c
8048
_d
8048